Statistieken voor Tuvalu Trivia Quiz

Klik hier om de quiz te nemen!

Algemene statistieken

  • Deze quiz is 201 keer genomen
  • De gemiddelde score is 11 van 22

Antwoordstatistieken

HintAntwoord% Correct
Officiële talenEngels
96%
Regio van Oceanië waar Tuvalu bij hoort{Poly}nesië
84%
Land waarvan de vlag in de linkerbovenhoek van de vlag van Tuvalu te zien isVerenigd Koninkrijk
80%
Wat de negen sterren op de vlag van Tuvalu vertegenwoordigenEilanden
77%
ValutaAustralische dollar
75%
Land dat ongeveer 850 kilometer ten zuiden van Tuvalu ligtFiji
73%
HoofdstadFunafuti
69%
51,6% van de volwassenen uit Tuvalu hebben _____, het op vier na hoogste percentage van alle landenObesitas
63%
Ondanks de kleine populatie deed Tuvalu mee aan dit internationale sportevenement in 2008, 2012 en 2016Olympische Zomerspelen
61%
Officiële talenTuvaluaans
55%
Soort zeevoertuig dat de oorspronkelijke bewoners naar de eilanden brachtKano
50%
Religie van 97% van de bevolkingKerk van Tuvalu
40%
Voormalige naam van Tuvalu{Ellice}-eilanden
34%
Nederlandse bondscoach van het Tuvaluaans voetbalteamFoppe de Haan
33%
Belangrijkste gewasKokosnoot
33%
Amerikaans bedrijf waar Tuvalu de .tv domein rechten aan verkochtVerisign
27%
... waar ze niet alleen royalty's voor krijgen maar toen ook _____ dollar50 miljoen
26%
Tuvalu is het enige land in Oceanië dat geen diplomatieke banden heeft met dit landVaticaanstad
26%
Betekenis van de naam Tuvalu in de plaatselijke taalAcht eilanden
25%
Spaanse ontdekkingsreiziger die Tuvalu ontdekteÁlvaro de Mendaña de Neira
25%
Noem één van de in totaal zes atleten die meededenOkilani Tinilau | Asenate
Manoa | Logona Esau
| Tavevele Noa | Tuau
Lapua Lapua | Etimoni Timuani
25%
Enige hotel in heel Tuvalu{Vaiaku} {Lagi} Hotel
25%

Scoreverdeling

Percentiel versus Aantal Correcte Antwoorden

Procent van Mensen met Elke Score

Uw Scoregeschiedenis

U heeft deze quiz nog niet genomen